<?xml version="1.0" encoding="UTF-8"?>
<marc:record xmlns:marc="http://www.loc.gov/MARC21/slim">
   <marc:leader>00000nam a2200000 a 4500</marc:leader>
   <marc:datafield ind1="1" ind2=" " tag="100">
      <marc:subfield code="a">Odermatt, Urs</marc:subfield>
      <marc:subfield code="4">aut</marc:subfield>
      <marc:subfield code="e">Verfasser/-in</marc:subfield>
   </marc:datafield>
   <marc:datafield ind1="1" ind2=" " tag="100">
      <marc:subfield code="a">Lehwald, Martin</marc:subfield>
      <marc:subfield code="4">aut</marc:subfield>
      <marc:subfield code="e">Verfasser/-in</marc:subfield>
   </marc:datafield>
   <marc:datafield ind1="1" ind2=" " tag="100">
      <marc:subfield code="a">Knobloch, Charlotte</marc:subfield>
   </marc:datafield>
   <marc:datafield ind1="1" ind2=" " tag="100">
      <marc:subfield code="a">Plöckinger, Othmar</marc:subfield>
   </marc:datafield>
   <marc:datafield ind1="1" ind2=" " tag="100">
      <marc:subfield code="a">Hartmann, Christian</marc:subfield>
   </marc:datafield>
   <marc:datafield ind1="1" ind2=" " tag="100">
      <marc:subfield code="a">Zehnpfennig, Barbara</marc:subfield>
   </marc:datafield>
   <marc:datafield ind1="1" ind2=" " tag="100">
      <marc:subfield code="a">Friedländer, Margot</marc:subfield>
   </marc:datafield>
   <marc:datafield ind1="0" ind2="0" tag="245">
      <marc:subfield code="a">Mein Kampf. Das gefährliche Buch</marc:subfield>
   </marc:datafield>
   <marc:datafield ind1="0" ind2="0" tag="245">
      <marc:subfield code="c">Protagonist: Margot Friedländer, Barbara Zehnpfennig, Christian Hartmann, Othmar Plöckinger, Charlotte Knobloch; Kamera: Jean Schablin, Bartek Latosinski; Drehbuch: Urs Odermatt, Martin Lehwald; Montage: Jan Richter; Produktion: Leopold Hoesch, Peter Wolf</marc:subfield>
   </marc:datafield>
   <marc:datafield ind1=" " ind2="1" tag="264">
      <marc:subfield code="a">Potsdam</marc:subfield>
      <marc:subfield code="b">filmwerte GmbH</marc:subfield>
      <marc:subfield code="c">2022</marc:subfield>
   </marc:datafield>
   <marc:datafield ind1="1" ind2=" " tag="520">
      <marc:subfield code="a">Adolf Hitlers &#x84;Mein Kampf&#x93;:  Es gibt kaum ein Buch, das mit so vielen Mythen überfrachtet ist, das so viel Abscheu und Ängste weckt. Das Werk ist das Symbol der Naziherrschaft, verantwortlich für 60 Millionen Tote. Jahrzehntelang war ein Neudruck verboten. Doch 70 Jahre nach Hitlers Tod laufen die Urheberrechte von &#x84;Mein Kampf&#x93; ab und das Werk könnte ab dem 1. Januar 2016 wieder auf dem Markt erschienen.  Hitlers Gedanken würden zu einem Zeitpunkt neue Verbreitung finden, wo  in Deutschland Brandanschläge, rechte Krawalle, Nazi-Schmierereien und Hass-Kommentare gegen auf ein geplantes oder bestehendes Flüchtlingsheim an der Tagesordnung sind.</marc:subfield>
   </marc:datafield>
   <marc:datafield ind1=" " ind2=" " tag="041">
      <marc:subfield code="a">ger</marc:subfield>
   </marc:datafield>
   <marc:datafield ind1=" " ind2=" " tag="300">
      <marc:subfield code="a">1 Online-Ressource (52 min), Bild: 16:9 HD</marc:subfield>
   </marc:datafield>
</marc:record>
